000 00282nam a2200109Ia 4500
008 160531s9999 xx 000 0 und d
100 _aClosson, Damien.
245 _aTectonics
245 _cby Damien Closson
260 _c2011
856 _uhttp://www.intechopen.com/books/tectonics
999 _c295090
_d295090